00654nam a22001577a 4500003000900000005001700009008004100026040001300067245011000080260002000190300001500210520013300225942001200358999001700370952010900387IT-RoPau20220918181107.0130529b xxu||||| |||| 00| 0 eng d cIT-RoPau aProfessione religiosa di Vincenzo Santarcangelo e rinnovazione dei voti dei professi temporanei nella SSP aRomabSSPc1987 aSnpc21 cm aIndice Riti iniziali Liturgia della Parola Professione religiosa Rinnovazione dei voti Liturgia Eucaristica Riti di conclusione 2ddccBK c98640d98640 00102ddc406P_D171aPAULUSbPAULUSd2013-05-29l0oP D1pPrLP 20r2013-05-29 00:00:00w2013-05-29yBK